000 00595nam a2200181Ia 4500
003 GCL
008 140319s9999 xx 000 0 ara d
040 _aGCL /
_cGCL
082 0 4 _a350
_bف ن
100 1 _aفتحى رضوان
245 1 0 _aنظرات فى اصلاح الادارة الحكومية (هدية من الاديب عبدالفتاح الجمل) /
_cفتحى رضوان
300 _a94 ص
490 _aالمكتبة الثقافية
_v0
650 0 4 _aالادارة
650 0 4 _aالقانون الادارى
650 0 4 _aالتنمية الادارية
942 _2ddc
_cBK
999 _c42607
_d42607